Sports Quiz

Random Sports or WWE Quiz

WWE Tag Team Championship PPV Matches (Part 2) Quiz Stats

 Plays Quiz not verified by Sporcle

Score 0/300 Timer 10:00
0 Plays Today
PPV/Year Superstar % Correct
King of the Ring 2001Spike Dudley
98.2%
Unforgiven 2001 - WWFSpike Dudley
98.2%
Royal Rumble 2002Spike Dudley
98.2%
No Way Out 2002Spike Dudley
98.2%
Armageddon 2000Edge
97.7%
Armageddon 2000Christian
97.7%
Armageddon 2000Bubba Ray Dudley
97.7%
Armageddon 2000D-Von Dudley
97.7%
Royal Rumble 2001Edge
97.7%
Royal Rumble 2001Christian
97.7%
Royal Rumble 2001Bubba Ray Dudley
97.7%
Royal Rumble 2001D-Von Dudley
97.7%
No Way Out 2001Edge
97.7%
No Way Out 2001Christian
97.7%
No Way Out 2001Bubba Ray Dudley
97.7%
No Way Out 2001D-Von Dudley
97.7%
Wrestlemania X-SevenBubba Ray Dudley
97.7%
Wrestlemania X-SevenD-Von Dudley
97.7%
Wrestlemania X-SevenEdge
97.7%
Wrestlemania X-SevenChristian
97.7%
King of the Ring 2001Bubba Ray Dudley
97.7%
King of the Ring 2001D-Von Dudley
97.7%
Unforgiven 2001 - WWFBubba Ray Dudley
97.7%
Unforgiven 2001 - WWFD-Von Dudley
97.7%
No Mercy 2001 - WWFBubba Ray Dudley
97.7%
No Mercy 2001 - WWFD-Von Dudley
97.7%
Rebellion 2001 - WCWBubba Ray Dudley
97.7%
Rebellion 2001 - WCWD-Von Dudley
97.7%
Survivor Series 2001 - WWF & WCWBubba Ray Dudley
97.7%
Survivor Series 2001 - WWF & WCWD-Von Dudley
97.7%
Vengeance 2001Bubba Ray Dudley
97.7%
Vengeance 2001D-Von Dudley
97.7%
Royal Rumble 2002Bubba Ray Dudley
97.7%
Royal Rumble 2002D-Von Dudley
97.7%
Wrestlemania X-8Bubba Ray Dudley
97.7%
Wrestlemania X-8D-Von Dudley
97.7%
Vengeance 2002Edge
97.7%
Vengeance 2002Christian
97.7%
Summerslam 2002Christian
97.7%
No Mercy 2002 - WorldChristian
97.7%
No Mercy 2002 - WWEEdge
97.7%
Survivor Series 2002Edge
97.7%
Armageddon 2002Christian
97.7%
Armageddon 2002Bubba Ray Dudley
97.7%
Armageddon 2002D-Von Dudley
97.7%
Royal Rumble 2003Bubba Ray Dudley
97.7%
Royal Rumble 2003D-Von Dudley
97.7%
Backlash 2003 - WorldBubba Ray Dudley
97.7%
Backlash 2003 - WorldD-Von Dudley
97.7%
Summerslam 2003Bubba Ray Dudley
97.7%
Summerslam 2003D-Von Dudley
97.7%
Unforgiven 2003Bubba Ray Dudley
97.7%
Unforgiven 2003D-Von Dudley
97.7%
Armageddon 2003Bubba Ray Dudley
97.7%
Armageddon 2003D-Von Dudley
97.7%
Royal Rumble 2004Bubba Ray Dudley
97.7%
Royal Rumble 2004D-Von Dudley
97.7%
Wrestlemania XX - WorldBubba Ray Dudley
97.7%
Wrestlemania XX - WorldD-Von Dudley
97.7%
Bad Blood 2004Edge
97.7%
Taboo Tuesday 2004Edge
97.7%
New Year's Revolution 2005Christian
97.7%
Wrestlemania X-SevenJeff Hardy
96.8%
Wrestlemania X-SevenMatt Hardy
96.8%
Unforgiven 2001 - WWFJeff Hardy
96.8%
Unforgiven 2001 - WWFMatt Hardy
96.8%
No Mercy 2001 - WCWJeff Hardy
96.8%
No Mercy 2001 - WCWMatt Hardy
96.8%
Rebellion 2001 - WCWJeff Hardy
96.8%
Rebellion 2001 - WCWMatt Hardy
96.8%
Survivor Series 2001 - WWF & WCWJeff Hardy
96.8%
Survivor Series 2001 - WWF & WCWMatt Hardy
96.8%
Wrestlemania X-8Jeff Hardy
96.8%
Wrestlemania X-8Matt Hardy
96.8%
No Way Out 2001Kane
96.3%
Backlash 2001Kane
96.3%
King of the Ring 2001Kane
96.3%
Summerslam 2001 - WWF & WCWKane
96.3%
Unforgiven 2001 - WCWKane
96.3%
Vengeance 2001Kane
96.3%
No Way Out 2003Kane
96.3%
Wrestlemania XIX - WorldKane
96.3%
Backlash 2003 - WorldKane
96.3%
Insurrextion 2003Kane
96.3%
Bad Blood 2003Kane
96.3%
Taboo Tuesday 2005Kane
96.3%
Wrestlemania 22Kane
96.3%
No Way Out 2001The Undertaker
95.9%
Backlash 2001The Undertaker
95.9%
Summerslam 2001 - WWF & WCWThe Undertaker
95.9%
Unforgiven 2001 - WCWThe Undertaker
95.9%
Backlash 2001Triple H
93.5%
Rebellion 2002Chavo Guerrero
93.1%
Rebellion 2002Eddie Guerrero
93.1%
Survivor Series 2002Chavo Guerrero
93.1%
Survivor Series 2002Eddie Guerrero
93.1%
Wrestlemania XIX - WWEChavo Guerrero
93.1%
Wrestlemania XIX - WWEEddie Guerrero
93.1%
Backlash 2003 - WWEChavo Guerrero
93.1%
Backlash 2003 - WWEEddie Guerrero
93.1%
PPV/Year Superstar % Correct
Survivor Series 2003Chavo Guerrero
93.1%
Survivor Series 2003Eddie Guerrero
93.1%
Unforgiven 2001 - WWFBig Show
92.2%
No Mercy 2001 - WWFBig Show
92.2%
Vengeance 2001Big Show
92.2%
Taboo Tuesday 2005Big Show
92.2%
Wrestlemania 22Big Show
92.2%
Judgment Day 2003Eddie Guerrero
91.7%
No Way Out 2005Eddie Guerrero
91.7%
No Mercy 2002 - WWEChris Benoit
90.8%
No Mercy 2002 - WWEKurt Angle
90.8%
Rebellion 2002Chris Benoit
90.8%
Rebellion 2002Kurt Angle
90.8%
Survivor Series 2002Chris Benoit
90.8%
Survivor Series 2002Kurt Angle
90.8%
Wrestlemania XIX - WWEChris Benoit
90.8%
Bad Blood 2004Chris Benoit
90.8%
Taboo Tuesday 2004Chris Benoit
90.8%
No Mercy 2002 - WorldChris Jericho
90.3%
Armageddon 2002Chris Jericho
90.3%
Rebellion 2001 - WCWBradshaw
89.9%
Wrestlemania X-8Bradshaw
89.9%
Wrestlemania XX - WWEBradshaw
89.9%
Backlash 2001Stone Cold Steve Austin
88.9%
Rebellion 2001 - WCWFaarooq
88.9%
Wrestlemania X-8Faarooq
88.9%
Wrestlemania XX - WWEFaarooq
88.9%
No Mercy 2002 - WWERey Mysterio
88.5%
Survivor Series 2002Rey Mysterio
88.5%
Vengeance 2003Rey Mysterio
88.5%
No Mercy 2004Rey Mysterio
88.5%
Armageddon 2004Rey Mysterio
88.5%
No Way Out 2005Rey Mysterio
88.5%
No Way Out 2002Booker T
88%
Summerslam 2002Booker T
88%
No Mercy 2002 - WorldBooker T
88%
Armageddon 2002Booker T
88%
Wrestlemania XX - WorldBooker T
88%
Wrestlemania X-8Billy
87.6%
Backlash 2002Billy
87.6%
Judgment Day 2002Billy
87.6%
Judgment Day 2004Billy Gunn
87.6%
No Way Out 2003Rob Van Dam
86.2%
Wrestlemania XIX - WorldRob Van Dam
86.2%
Backlash 2003 - WorldRob Van Dam
86.2%
Insurrextion 2003Rob Van Dam
86.2%
Bad Blood 2003Rob Van Dam
86.2%
Wrestlemania XX - WorldRob Van Dam
86.2%
No Mercy 2004Rob Van Dam
86.2%
Armageddon 2004Rob Van Dam
86.2%
No Way Out 2002Test
85.3%
Armageddon 2003Test
85.3%
Summerslam 2002Goldust
84.8%
No Mercy 2002 - WorldGoldust
84.8%
Armageddon 2002Goldust
84.8%
Wrestlemania XIX - WWEShelton Benjamin
84.8%
Backlash 2003 - WWEShelton Benjamin
84.8%
Judgment Day 2003Shelton Benjamin
84.8%
Vengeance 2003Shelton Benjamin
84.8%
Wrestlemania XX - WWEShelton Benjamin
84.8%
Summerslam 2001 - WWF & WCWDiamond Dallas Page
83.4%
Wrestlemania XIX - WWECharlie Haas
83.4%
Backlash 2003 - WWECharlie Haas
83.4%
Judgment Day 2003Charlie Haas
83.4%
Vengeance 2003Charlie Haas
83.4%
Wrestlemania XX - WWECharlie Haas
83.4%
Armageddon 2003Batista
82.9%
Royal Rumble 2004Batista
82.9%
Judgment Day 2004Charlie Haas
82.9%
Judgment Day 2005Charlie Haas
82.9%
Unforgiven 2001 - WWFThe Hurricane
82%
No Mercy 2001 - WCWThe Hurricane
82%
Armageddon 2003The Hurricane
82%
Backlash 2005The Hurricane
82%
Unforgiven 2005The Hurricane
82%
Unforgiven 2001 - WWFLance Storm
81.1%
No Mercy 2001 - WCWLance Storm
81.1%
Vengeance 2002Lance Storm
81.1%
Summerslam 2002Lance Storm
81.1%
Armageddon 2002Lance Storm
81.1%
Royal Rumble 2003Lance Storm
81.1%
No Way Out 2003Lance Storm
81.1%
Wrestlemania XIX - WorldLance Storm
81.1%
Armageddon 2003Lance Storm
81.1%
Armageddon 2003Ric Flair
81.1%
Royal Rumble 2004Ric Flair
81.1%
Armageddon 2002William Regal
80.6%
Royal Rumble 2003William Regal
80.6%
No Way Out 2003William Regal
80.6%
Vengeance 2004Ric Flair
80.6%
New Year's Revolution 2005William Regal
80.6%
Backlash 2005William Regal
80.6%
Wrestlemania X-8Chuck
80.2%
Judgment Day 2002Chuck
80.2%
No Way Out 2004Scotty 2 Hotty
80.2%
Wrestlemania XX - WWEScotty 2 Hotty
80.2%
Backlash 2002Chuck
79.7%
No Way Out 2004Rikishi
79.7%
Wrestlemania XX - WWERikishi
79.7%
Summerslam 2001 - WWF & WCWKanyon
78.3%
PPV/Year Superstar % Correct
Armageddon 2000Road Dogg
77%
Judgment Day 2002Rikishi
77%
Vengeance 2002Hulk Hogan
76.5%
Wrestlemania XIX - WorldChief Morley
76%
Wrestlemania XIX - WWERhyno
76%
Armageddon 2003Val Venis
76%
Unforgiven 2004Rhyno
76%
Judgment Day 2005Johnny Nitro
76%
Great American Bash 2005Johnny Nitro
76%
Judgment Day 2006Johnny Nitro
76%
No Mercy 2001 - WWFTajiri
75.1%
Judgment Day 2003Tajiri
75.1%
Unforgiven 2004Tajiri
75.1%
Backlash 2005Tajiri
75.1%
Judgment Day 2004Hardcore Holly
74.7%
Judgment Day 2005Joey Mercury
74.7%
Judgment Day 2005Hardcore Holly
74.7%
Great American Bash 2005Joey Mercury
74.7%
Royal Rumble 2002Tazz
72.4%
No Way Out 2002Tazz
72.4%
Insurrextion 2003Rene Dupree
71.9%
Bad Blood 2003Rene Dupree
71.9%
Summerslam 2003Rene Dupree
71.9%
Unforgiven 2003Rene Dupree
71.9%
Armageddon 2003Rene Dupree
71.9%
Wrestlemania XX - WorldRene Dupree
71.9%
Survivor Series 2003Danny Basham
71%
Survivor Series 2003Doug Basham
71%
Armageddon 2003Rosey
71%
No Way Out 2004Danny Basham
71%
No Way Out 2004Doug Basham
71%
Wrestlemania XX - WWEDanny Basham
71%
Wrestlemania XX - WWEDoug Basham
71%
No Way Out 2005Danny Basham
71%
No Way Out 2005Doug Basham
71%
Backlash 2005Rosey
71%
Unforgiven 2005Rosey
71%
Wrestlemania 22Carlito
71%
Unforgiven 2003Rob Conway
70%
Armageddon 2003Rob Conway
70%
Wrestlemania XX - WorldRob Conway
70%
Bad Blood 2004Rob Conway
70%
Vengeance 2004Rob Conway
70%
Unforgiven 2004Rob Conway
70%
No Mercy 2004Rene Dupree
70%
Taboo Tuesday 2004Rob Conway
70%
Armageddon 2004Rene Dupree
70%
Backlash 2005Rob Conway
70%
Armageddon 2000The Goodfather
69.1%
Armageddon 2000Bull Buchanan
68.7%
Armageddon 2003Garrison Cade
68.2%
Wrestlemania XX - WorldGarrison Cade
68.2%
Unforgiven 2005Lance Cade
68.2%
Taboo Tuesday 2005Lance Cade
68.2%
Judgment Day 2002Rico
67.7%
Judgment Day 2004Rico
67.7%
Insurrextion 2003Sylvan Grenier
67.3%
Bad Blood 2003Sylvan Grenier
67.3%
Summerslam 2003Sylvan Grenier
67.3%
Unforgiven 2003Sylvan Grenier
67.3%
Bad Blood 2004Sylvan Grenier
67.3%
Vengeance 2004Sylvan Grenier
67.3%
Unforgiven 2004Sylvan Grenier
67.3%
Taboo Tuesday 2004Sylvan Grenier
67.3%
Backlash 2005Sylvan Grenier
67.3%
Judgment Day 2006Paul London
67.3%
Great American Bash 2006Paul London
67.3%
Judgment Day 2006Brian Kendrick
66.4%
Great American Bash 2006Brian Kendrick
66.4%
Vengeance 2004Eugene
65%
New Year's Revolution 2005Eugene
65%
Wrestlemania 22Chris Masters
64.5%
Unforgiven 2005Trevor Murdoch
64.1%
Taboo Tuesday 2005Trevor Murdoch
64.1%
Armageddon 2003Scott Steiner
62.7%
Unforgiven 2001 - WCWBrian Adams
62.2%
Armageddon 2000K-Kwik
61.8%
Unforgiven 2001 - WCWBryan Clark
61.3%
Vengeance 2003Billy Kidman
61.3%
Armageddon 2003Mark Jindrak
59.4%
Wrestlemania XX - WorldMark Jindrak
59.4%
Great American Bash 2005Animal
57.6%
No Mercy 2004Kenzo Suzuki
55.3%
Armageddon 2004Kenzo Suzuki
55.3%
New Year's Revolution 2005Tyson Tomko
53.5%
Great American Bash 2005Heidenreich
53.5%
Backlash 2002Al Snow
53%
Unforgiven 2006Mikey
52.1%
Unforgiven 2006Kenny
51.6%
Backlash 2002Maven
47.9%
Backlash 2005Maven
47.9%
No Way Out 2004Shaniqua
45.2%
Great American Bash 2006Jamie Noble
44.2%
Unforgiven 2006Robbie McAllister
38.2%
Unforgiven 2006Rory McAllister
38.2%
Great American Bash 2006Kid Kash
37.8%
Backlash 2005Romeo
34.1%
Backlash 2005Antonio
33.2%
Backlash 2005Simon Dean
31.8%
Judgment Day 2006Joey Mercury MNM
29%

You're not logged in!

Compare scores with friends on all Sporcle quizzes.
Join for Free
OR
Log In

You Might Also Like...

Show Comments

Extras

Top Quizzes Today


Score Distribution

Your Account Isn't Verified!

In order to create a playlist on Sporcle, you need to verify the email address you used during registration. Go to your Sporcle Settings to finish the process.

Report this User

Report this user for behavior that violates our Community Guidelines.

Details: